Strategic management : an integrated approach /

This book is about: Introduction to strategic management; The nature of competitive advantage; Strategies; Implementing strategy; Cases in strategic management; ...

Gorde:
Xehetasun bibliografikoak
Egile nagusia: Hill, Charles W. L.
Beste egile batzuk: Jones, Gareth R.
Formatua: Liburua
Hizkuntza:English
Argitaratua: Boston : Houghton Mifflin, 2001.
Edizioa:5th ed.
Gaiak:
Etiketak: Etiketa erantsi
Etiketarik gabe, Izan zaitez lehena erregistro honi etiketa jartzen!
Thư viện lưu trữ: Mạng thư viện Đại học Đà Nẵng
LEADER 01284cam a2200397 i 4500
001 000048256
003 7964
005 20030326140710.0
008 010321|2001 vm 000 eng
020 |a 0618040722 
040 |a IRC  |c IRC  |d IRC 
041 0 |a eng 
082 1 4 |a 658.4012  |b HI-C 
100 1 |a Hill, Charles W. L. 
245 0 0 |a Strategic management :  |b an integrated approach /  |c Charles W. L. Hill, Gareth R. Jones. 
250 |a 5th ed. 
260 |a Boston :  |b Houghton Mifflin,  |c 2001. 
300 |a 1 v. (various pagings) :  |b ill. ;  |c 25.5cm. 
520 3 |a This book is about: Introduction to strategic management; The nature of competitive advantage; Strategies; Implementing strategy; Cases in strategic management; ... 
630 0 4 |a Business. 
630 0 4 |a Management. 
630 0 4 |a Strategic planning. 
650 0 4 |a Management  |z United States  |x Case studies. 
650 0 4 |a Strategic planning  |z United States  |x Case studies. 
650 0 4 |a Business planning  |z United States  |x Case studies. 
700 1 |a Jones, Gareth R. 
OWN |a DUT 
999 |a From the UDN01 
TYP |a Monograph 
TYP |a Printed language 
980 |a Mạng thư viện Đại học Đà Nẵng